<?xml version="1.0" encoding="UTF-8"?>
<collection xmlns="http://www.loc.gov/MARC21/slim">
 <record>
  <leader>03955nam a22006015a 4500</leader>
  <controlfield tag="001">CEM.cems024780</controlfield>
  <controlfield tag="008">250707s2023####ag############000#0#und#d</controlfield>
  <controlfield tag="005">20250822075914.0</controlfield>
  <datafield tag="245" ind1="1" ind2="0">
   <subfield code="a">La llanura pampeana :</subfield>
   <subfield code="b">cuentos regionales argentinos /</subfield>
   <subfield code="c">Compilación de Rosa María Cardamone, María Raquel Di Liscia y Omar Lobos.</subfield>
  </datafield>
  <datafield tag="250" ind1=" " ind2=" ">
   <subfield code="a">1a ed.</subfield>
  </datafield>
  <datafield tag="260" ind1=" " ind2=" ">
   <subfield code="a">Buenos Aires :</subfield>
   <subfield code="b">Colihue,</subfield>
   <subfield code="c">2023.</subfield>
  </datafield>
  <datafield tag="300" ind1=" " ind2=" ">
   <subfield code="a">232 p.</subfield>
  </datafield>
  <datafield tag="490" ind1="1" ind2=" ">
   <subfield code="a">Identidades bonaerenses</subfield>
  </datafield>
  <datafield tag="490" ind1="1" ind2=" ">
   <subfield code="a">Leer y crear</subfield>
  </datafield>
  <datafield tag="500" ind1=" " ind2=" ">
   <subfield code="a">Edición especial de la Dirección de Cultura y Educación de la Provincia de Buenos Aires.</subfield>
  </datafield>
  <datafield tag="500" ind1=" " ind2=" ">
   <subfield code="a">Sugerencia de edad: a partir de ciclo orientado. Requiere acompañamiento docente.</subfield>
  </datafield>
  <datafield tag="500" ind1=" " ind2=" ">
   <subfield code="a">Propuestas de trabajo p. 203.</subfield>
  </datafield>
  <datafield tag="500" ind1=" " ind2=" ">
   <subfield code="a">Diccionario de curiosidades pampeanas p. 225.</subfield>
  </datafield>
  <datafield tag="505" ind1="0" ind2=" ">
   <subfield code="a">¿Qué une a pampeanos y bonaerenses? -- ANTOLOGÍA -- La viuda negra / Jorge W. Ábalos -- NYC / Alberto Acosta -- Hacia el abismo / Elena Auguet -- Historia con esplendor y ocaso / Dora Delia Battistón -- Los tres apuntes de Tim / Oche Califa -- Los motivos del lobo / Bertha Carou de Peredo -- Errores del pasado / Margarita Castañares -- El marica / Abelardo Castillo -- Moira en Potrillo Oscuro / Héctor Walter Cazenave -- Las doce a Bragado / Haroldo Conti -- Baldío / Miguel de la Cruz -- Testigo para el fiscal / Ariel Díaz -- Los gansos / Armando Raúl Inchaurraga -- No te olvides de Serafín / Ana María Lasalle -- Tortilla / Margarita Monges -- Yo siempre era Jane / Susana Muzio -- En el tren del martes vuelvo / Hugo Ordóñez -- El barón polaco / Adolfo Pérez Zelaschi -- El busto / Manuel Peyrou -- Mudanzas / Osvaldo Soriano -- La señorita Gracia / Marta Spagnuolo -- Es tan largo el olvido / Gabriela Urrutibehety -- PÓSLOGO -- Cómo entrarle a la pampa -- Semblanza de la llanura pampeana -- La llanura antes de la Conquista del Desierto -- Tres naciones en pugna -- El ocaso mapuche -- La llanura después de la Conquista -- La llanura y el nuevo siglo -- Resumen cronológico -- Literatura de la llanura pampeana -- El cuento en la provincia de Buenos Aires -- La literatura en La Pampa -- Tópicos más frecuentes -- La lírica en La Pampa</subfield>
  </datafield>
  <datafield tag="520" ind1=" " ind2=" ">
   <subfield code="a">Estos cuentos de autoras y autores que ya son clásicos de la literatura argentina comparten algo más que un territorio con epicentro en la región pampeana: los atraviesa un estilo, una voz que resuena en las calles polvorientas de los diferentes pueblos repartidos a lo largo de una llanura interminable, un eco que viene de lejos y que entreteje las diferentes historias para formar una sola trama compleja y polifónica.</subfield>
  </datafield>
  <datafield tag="020" ind1=" " ind2=" ">
   <subfield code="a">9789876848619</subfield>
  </datafield>
  <datafield tag="100" ind1="1" ind2=" ">
   <subfield code="a">Cardamone, Rosa María; comp.</subfield>
  </datafield>
  <datafield tag="700" ind1="1" ind2=" ">
   <subfield code="a">Di Liscia, María Raquel; comp..</subfield>
  </datafield>
  <datafield tag="700" ind1="1" ind2=" ">
   <subfield code="a">Lobos, Omar; comp.</subfield>
  </datafield>
  <datafield tag="700" ind1="1" ind2=" ">
   <subfield code="a">Ábalos, Jorge W.</subfield>
  </datafield>
  <datafield tag="700" ind1="1" ind2=" ">
   <subfield code="a">Acosta, Alberto.</subfield>
  </datafield>
  <datafield tag="700" ind1="1" ind2=" ">
   <subfield code="a">Auguet, Elena.</subfield>
  </datafield>
  <datafield tag="700" ind1="1" ind2=" ">
   <subfield code="a">Battistón, Dora Delia.</subfield>
  </datafield>
  <datafield tag="700" ind1="1" ind2=" ">
   <subfield code="a">Califa, Oche.</subfield>
  </datafield>
  <datafield tag="700" ind1="1" ind2=" ">
   <subfield code="a">Carou de Peredo, Bertha.</subfield>
  </datafield>
  <datafield tag="700" ind1="1" ind2=" ">
   <subfield code="a">Castañares, Margarita.</subfield>
  </datafield>
  <datafield tag="700" ind1="1" ind2=" ">
   <subfield code="a">Castillo, Abelardo.</subfield>
  </datafield>
  <datafield tag="700" ind1="1" ind2=" ">
   <subfield code="a">Cazenave, Héctor Walter.</subfield>
  </datafield>
  <datafield tag="700" ind1="1" ind2=" ">
   <subfield code="a">Conti, Haroldo.</subfield>
  </datafield>
  <datafield tag="700" ind1="1" ind2=" ">
   <subfield code="a">Cruz, Miguel de la.</subfield>
  </datafield>
  <datafield tag="700" ind1="1" ind2=" ">
   <subfield code="a">Díaz, Ariel.</subfield>
  </datafield>
  <datafield tag="700" ind1="1" ind2=" ">
   <subfield code="a">Inchaurraga, Armando Raúl.</subfield>
  </datafield>
  <datafield tag="700" ind1="1" ind2=" ">
   <subfield code="a">Lasalle, Ana María.</subfield>
  </datafield>
  <datafield tag="700" ind1="1" ind2=" ">
   <subfield code="a">Monges, Margarita.</subfield>
  </datafield>
  <datafield tag="700" ind1="1" ind2=" ">
   <subfield code="a">Muzio, Susana.</subfield>
  </datafield>
  <datafield tag="700" ind1="1" ind2=" ">
   <subfield code="a">Ordóñez, Hugo.</subfield>
  </datafield>
  <datafield tag="700" ind1="1" ind2=" ">
   <subfield code="a">Pérez Zelaschi, Adolfo.</subfield>
  </datafield>
  <datafield tag="700" ind1="1" ind2=" ">
   <subfield code="a">Peyrou, Manuel.</subfield>
  </datafield>
  <datafield tag="700" ind1="1" ind2=" ">
   <subfield code="a">Soriano, Osvaldo.</subfield>
  </datafield>
  <datafield tag="700" ind1="1" ind2=" ">
   <subfield code="a">Spagnuolo, Marta.</subfield>
  </datafield>
  <datafield tag="700" ind1="1" ind2=" ">
   <subfield code="a">Urrutibehety, Gabriela.</subfield>
  </datafield>
  <datafield tag="653" ind1=" " ind2=" ">
   <subfield code="a">Narrativa argentina</subfield>
  </datafield>
  <datafield tag="653" ind1=" " ind2=" ">
   <subfield code="a">Literatura argentina</subfield>
  </datafield>
  <datafield tag="653" ind1=" " ind2=" ">
   <subfield code="a">Identidades bonaerenses</subfield>
  </datafield>
  <datafield tag="859" ind1=" " ind2=" ">
   <subfield code="a">CEMS</subfield>
   <subfield code="b">BIB. CEMS - Agricultura</subfield>
   <subfield code="h">A868.4</subfield>
   <subfield code="i">C178</subfield>
   <subfield code="p">A3916.25</subfield>
   <subfield code="t">Ej.1</subfield>
  </datafield>
  <datafield tag="859" ind1=" " ind2=" ">
   <subfield code="a">CEMS</subfield>
   <subfield code="b">BIB. CEMS - 11 de abril</subfield>
   <subfield code="h">A868.4</subfield>
   <subfield code="i">C178</subfield>
   <subfield code="p">30111.25</subfield>
   <subfield code="t">Ej.1</subfield>
  </datafield>
  <datafield tag="859" ind1=" " ind2=" ">
   <subfield code="a">CEMS</subfield>
   <subfield code="b">BIB. CEMS - 11 de abril</subfield>
   <subfield code="h">A868.4</subfield>
   <subfield code="i">C178</subfield>
   <subfield code="p">30109.25</subfield>
   <subfield code="t">Ej.1</subfield>
  </datafield>
  <datafield tag="859" ind1=" " ind2=" ">
   <subfield code="a">CEMS</subfield>
   <subfield code="b">BIB. CEMS - 11 de abril</subfield>
   <subfield code="h">A868.4</subfield>
   <subfield code="i">C178</subfield>
   <subfield code="p">30110.25</subfield>
   <subfield code="t">Ej.2</subfield>
  </datafield>
 </record>
</collection>
